00370pab a2200133 454500008004000000100002100040245007700061260000900138300001100147362001400158650001400172700001700186773003300203180718b1986 xxu||||| |||| 00| 0 eng d aMikesell, John L aState lotteries as fiscal savior of fiscal fraudbA look at the evidence c1986 a311-20 aJuly-Aug. aLotteries aC. Kurt Zorn aPublic Administration Review